01406cam a22003615a 4500001001200000003000400012005001700016008004100033015001900074016001800093020002200111020002500133035004400158040008000202043001200282082002600294245007600320260010700396300002700503490001600530500002000546500002900566504003300595650004400628650005300672650005100725650003600776653002200812700004200834942000800876999001700884952014300901ocm57355017OSt20170319112027.0041214t20112009enk frb 001 0 eng d aGBA4918352bnb7 a0130701322Uk a1850437076 (hbk.) a9781850437079 (hbk.) a(OCoLC)ocm57355017z(OCoLC)ocn149279350 aUKMbengcUKMdOCLCQdBAKERdBTCTAdBWKUKdYDXCPdBWKdNLGGCdBWXdEG-ScBUE ama-----04a323.09174927bHUM22200aHuman rights in Arab thought :ba reader /cedited by Salma J. Jayyusi. aLondon ;aNew York :bI. B. Tauris ;aNew York :bDistributed in the USA by Palgrave Macmillan,c2011. axvii, 670 p. ;c25 cm.0 aLMMES ;v44 aIncludes index. aReprint of the 2009 ed.  aBibliography : p. [573]-654. 7aHuman rightsxPhilosophy.2BUEsh939866 7aHuman rightszArab countriesxPhilosophy.2BUEsh 7aHuman rightsxReligious aspectsxIslam.2BUEsh 7aPhilosophy, Arab.2BUEsh932977 bBUSBOLcMarch20171 aJayyusi, Salma Khadra,eeditor.94980 2ddc c24467d24439 00102ddc40708AUCaMAINbMAINc1STd2017-03-19ePurchaseg120.00h1700l0o323.09174927 HUMp000041404r2025-07-15 00:00:00v150.00yBB